1614 1274 1901 1885 1338 1190 1614 1728 1985 1398 1640 1178 1521 1352 1989 1805 1940 1165 1658 1527 1152 1330 1362 1348 1851 1189 1730 1380 1986 1686 1043 1576 1570 1825 1791 1224 1068 1708 1613 1778 1802 1954 1335 1782 1067 1294 1958 1095 1611 1756 1271 1343 1535 1771 1107 1612 1516 1441 1901 1171 1690 1079 1335 1175 1094 1347 1912 1706 1742 1594 1025 1760 1773 1392 1423 1641 1028 1762 1897 1309 1868 1356 1347 1225 1539 1939 1025 1105 1899 1471 1061 1436 1834 1453 1134 1721 1419 1782 1139 BCNSPRNW ULIB Ver.6.0+V

เปลี่ยนเป็นภาษาไทย

Change to English
 แสดงรายละเอียดบรรณานุกรม
  กลับหน้าหลัก

Brief Record : Get Marc (ISO 2709) : E-mail record : QR code < ปิดหน้าต่าง
LEADER : 00000nam 2200000uu 4500
001    13399111702
003     ULIB
008    110706s2550||||th 000 0 tha d
020    9789749461693
050 04 BQ7640.S64^bซ911ห 2550
100 0  โซเกียล,^cรินโปเช
245 10 เหนือห้วงมหรรณพ :^bคำสอนธิเบตเพื่อการอยู่และตายอย่างไร้ทุกข์ /^cโซเกียล รินโปเช, เขียน ; พระไพศาล วิสาโล, แปล
246 30 คำสอนธิเบตเพื่อการอยู่และตายอย่างไร้ทุกข์
250    พิมพ์ครั้งที่ 3
260    กรุงเทพฯ :^bมูลนิธิโกมลคีมทอง,^c2550
300    281 หน้า ;^c21 ซม
500    แปลจาก The Tibetan book of living and dying
650  7 ความตาย^xแง่ศาสนา^xพุทธศาสนา
650  7 พุทธศาสนา^zทิเบต
650  7 ชีวิตทางศาสนา^xพุทธศาสนา
700 0  พระไพศาล วิสาโล
700 12 Sogyal,^cRinpoche.^tThe Tibetan book of living and dying
945    ^p190^l0^i026691
995    ทศพร
999 ^a ใช้งานได้ทุกระบบ
รายการนี้ยังไม่มีแท็ก
คุณยังไม่ได้ล็อกอิน คุณสามารถมีกิจกรรมร่วมกับเว็บไซต์ได้ แต่ต้องล็อกอินก่อน ::
  ล็อกอิน

รายการสื่อสารสนเทศ

ลำดับที่ ประเภท เลขเรียก/บาร์โค้ด สถานที่ สถานะ
- ไม่พบข้อมูล -

BibComment


ยังไม่เคยถูกคอมเมนท์

คอมเมนท์ทรัพยากรรายการนี้
  คอมเมนท์: เหนือห้วงมหรรณพ ..


 Copyright 2026. Bcnsprnw @Library